| 000 | 00666nam a2200181Ia 4500 | ||
|---|---|---|---|
| 008 | 151202s9999||||xx |||||||||||||| ||und|| | ||
| 082 | _bPNVM-16335 | ||
| 100 | _aमिराशी वा. वि. | ||
| 245 | _aभारतीय साहित्य शास्त्र. | ||
| 260 | _b"पॉप्युलर डेपो, मुंबई." | ||
| 260 | _c0 | ||
| 300 | _a336 | ||
| 600 | _aमिराशी वा. वि. | ||
| 630 | _aभारतीय साहित्य शास्त्र. | ||
| 700 | _aमिराशी वा. वि. | ||
| 730 | _aभारतीय साहित्य शास्त्र. | ||
| 942 | _cBOOK | ||
| 999 |
_c1282320 _d1282317 |
||